Normal view
MARC view
Entry Personal Name
001 - CONTROL NUMBER
- control field: 26231
003 - CONTROL NUMBER IDENTIFIER
- control field: dpl
005 - DATE AND TIME OF LATEST TRANSACTION
- control field: 20110225145807.0
008 - FIXED-LENGTH DATA ELEMENTS
- fixed length control field: 110225|||a|||||| | ||| d
040 ## - CATALOGING SOURCE
- Original cataloging agency: dpl
- Transcribing agency: dpl
100 ## - HEADING--PERSONAL NAME
- Personal name: भोला, रचना 'यामिनी'
670 ## - SOURCE DATA FOUND
- Source citation: Work cat.: (dpl)33386: भोला, रचना 'यामिनी', भारतीय संतों की जीवन गाथा /, 2009
670 ## - SOURCE DATA FOUND
- Source citation: Work cat.: (dpl)33386: भोला, रचना 'यामिनी', भारतीय संतों की जीवन गाथा /, 2009
